Green Day's Best Deep Cuts - Statistics

General Stats
  • This quiz has been taken 54 times
  • The average score is 16 of 30
Answer Stats
Plays Answer % Correct
53,211,310 Whatsername
92%
47,359,344 Are We The Waiting / St. Jimmy
88%
31,458,622 Extraordinary Girl / Letterbomb
80%
56,118,769 Give Me Novacaine / She's A Rebel
76%
35,944,480 Homecoming
76%
22,364,064 Chump
72%
41,728,208 Burnout
68%
25,605,939 Having A Blast
68%
20,319,303 Pulling Teeth
68%
20,071,433 F.O.D.
64%
22,835,137 Coming Clean
60%
13,828,022 In The End
60%
15,123,208 Emenius Sleepus
56%
28,447,933 Last Night On Earth
56%
20,993,731 Sassafras Roots
56%
19,879,302 Viva La Gloria!
56%
12,241,371 Before The Lobotomy
52%
11,774,640 The Grouch
52%
13,147,429 Forever Now
48%
11,993,256 2000 Light Years Away
44%
12,573,882 Peacemaker
40%
17,262,115 Say Goodbye
36%
13,572,933 Somewhere Now
36%
13,663,629 Outlaws
32%
15,955,268 Troubled Times
32%
26,663,984 Viva La Gloria? (Little Girl)
32%
16,663,905 Too Dumb To Die
28%
22,096,663 Youngblood
28%
13,602,899 99 Revolutions
20%
19,297,365 The Forgotten
20%
No matching quizzes found
Score Distribution
Percent of People with Each Score
Percentile by Number Answered
Your Score History
You have not taken this quiz